[Event "27.Bayer.Senioren-EM2015"]
[Site "?"]
[Date "2015.06.15"]
[Round "4.2"]
[White "Trescher, Manfred"]
[Black "Jergler, Karl-Heinz"]
[Result "1/2-1/2"]
[WhiteElo "2062"]
[BlackElo "2076"]
[PlyCount "81"]
[EventDate "2015.??.??"]
[WhiteTeam "Stiftung BSW - SG München"]
[BlackTeam "SC Waldkraiburg"]

1. e4 c5 2. Nf3 Nc6 3. Bb5 g6 4. O-O Bg7 5. c3 Nf6 6. Re1 O-O 7. d4 cxd4 8.
cxd4 d5 9. e5 Ne4 10. Nc3 Nxc3 11. bxc3 Bd7 12. a4 Rc8 13. Ba3 a6 14. Be2 Na5
15. Bb4 Nc4 16. a5 Bb5 17. Bxc4 Bxc4 18. Qd2 Bb5 19. Qg5 f6 20. Qe3 Re8 21. h3
Qc7 22. Qd2 Qc4 23. Qa2 Bh6 24. Qxc4 Bxc4 25. Rab1 Kf7 26. Rb2 Rc6 27. Bc5 Bb5
28. Nd2 Bxd2 29. Rxd2 f5 30. Bb4 e6 31. f4 b6 32. Ra1 bxa5 33. Bxa5 h6 34. Kh2
Rg8 35. g3 Rcc8 36. Rg1 Rb8 37. g4 Bc4 38. Rc1 h5 39. gxf5 gxf5 40. Rg1 Rxg1
41. Kxg1 1/2-1/2

[Event "27.Bayer.Senioren-EM2015"]
[Site "?"]
[Date "2015.06.15"]
[Round "4.3"]
[White "Roeder, Frank"]
[Black "Stolpynskyy, Mark"]
[Result "1-0"]
[WhiteElo "2184"]
[BlackElo "1968"]
[PlyCount "83"]
[EventDate "2015.??.??"]
[WhiteTeam "SV Altensittenbach"]
[BlackTeam "SW Nürnberg Süd"]

1. e4 c5 2. c3 d5 3. exd5 Qxd5 4. d4 Nf6 5. Nf3 Bg4 6. Be2 Nc6 7. O-O e6 8. h3
Bh5 9. Be3 cxd4 10. cxd4 Be7 11. Nc3 Qd6 12. Ne5 Bxe2 13. Qxe2 O-O 14. Nb5 Qd8
15. Rac1 a6 16. Nxc6 bxc6 17. Nc3 Qa5 18. b3 Ba3 19. Rc2 Rfc8 20. Bc1 Bb4 21.
Ne4 Nxe4 22. Qxe4 Qd5 23. Qg4 Kh8 24. Rc4 Be7 25. Bf4 Bf6 26. Be3 Be7 27. Rfc1
a5 28. Qf4 Kg8 29. Qe5 Ra6 30. Bd2 Bf6 31. Qxd5 exd5 32. Rc5 a4 33. b4 Bxd4 34.
Rxd5 Bb2 35. Rc2 Re8 36. Ra5 Rxa5 37. bxa5 Bd4 38. Rxc6 h6 39. Rc4 Rd8 40. Be3
Be5 41. f4 Bb2 42. a6 1-0

[Event "27.Bayer.Senioren-EM2015"]
[Site "?"]
[Date "2015.06.15"]
[Round "4.4"]
[White "Selig, Rainer"]
[Black "Schmidt, Gerhard"]
[Result "0-1"]
[WhiteElo "2007"]
[BlackElo "2131"]
[PlyCount "114"]
[EventDate "2015.??.??"]
[WhiteTeam "SpV Ebersbach/SA"]
[BlackTeam "SC Unterhaching"]

1. d4 Nf6 2. c4 e6 3. Nc3 d5 4. cxd5 exd5 5. Bg5 c6 6. Qc2 Be7 7. e3 Nbd7 8.
Bd3 Nh5 9. Bxe7 Qxe7 10. Nge2 g6 11. O-O-O Nb6 12. h3 Be6 13. g4 Ng7 14. Kb1
O-O-O 15. Ng3 h5 16. Qe2 Qh4 17. gxh5 Nxh5 18. Qf3 Qe7 19. Rdg1 Rh7 20. Nce2
Rdh8 21. Nxh5 Rxh5 22. Nf4 R5h6 23. Rg3 Qf6 24. Kc1 Bd7 25. b3 Qd6 26. Qe2 Qa3+
27. Qb2 Qxb2+ 28. Kxb2 Kd8 29. Kc3 Nc8 30. Kd2 Nd6 31. f3 Nf5 32. Rg2 Rh4 33.
Bxf5 Bxf5 34. Ke1 Ke7 35. Kf2 Kf6 36. Rg3 g5 37. Ne2 Rxh3 38. Rgxh3 Rxh3 39.
Rxh3 Bxh3 40. e4 dxe4 41. fxe4 Ke7 42. b4 Be6 43. a3 f6 44. Ke3 Kd6 45. Ng3 Bg4
46. Nf1 f5 47. exf5 Bxf5 48. Nd2 Kd5 49. Nf3 g4 50. Ne5 Be6 51. Nd3 Kc4 52. Nc5
Bc8 53. Ne4 Kb3 54. Nd6 Be6 55. Nxb7 Kxa3 56. Nc5 Bd5 57. Nd3 g3 0-1

[Event "27.Bayer.Senioren-EM2015"]
[Site "?"]
[Date "2015.06.15"]
[Round "4.5"]
[White "Siegmund, Rainer"]
[Black "Goy, Udo"]
[Result "1/2-1/2"]
[WhiteElo "1991"]
[BlackElo "2084"]
[PlyCount "84"]
[EventDate "2015.??.??"]
[WhiteTeam "SV Dresden-Striesen"]
[BlackTeam "Ford SF Köln"]

1. d4 Nf6 2. c4 e6 3. Nc3 Bb4 4. Qc2 d5 5. a3 Bxc3+ 6. Qxc3 O-O 7. Bg5 c6 8. e3
h6 9. Bh4 Nbd7 10. Nf3 g5 11. Bg3 Ne4 12. Qc2 f5 13. Bd3 Qf6 14. Be5 Qf7 15.
O-O-O g4 16. Ng1 Nxe5 17. dxe5 Qg7 18. f3 Nc5 19. f4 Bd7 20. Ne2 Kf7 21. Kb1 b6
22. Ng3 Qg6 23. Be2 h5 24. h4 Rfc8 25. Bd3 Ke7 26. b4 Nxd3 27. Rxd3 Be8 28. Rc3
Rd8 29. Rd1 dxc4 30. Rxc4 Qg7 31. Rdd4 Rxd4 32. Rxd4 Kf8 33. Rd6 Qe7 34. Qc4
Qxh4 35. Qxe6 Qxg3 36. Qxf5+ Kg8 37. Qg5+ Kf8 38. Rf6+ Bf7 39. e6 Qe1+ 40. Kb2
Qd2+ 41. Kb1 Qe1+ 42. Kb2 Qd2+ 1/2-1/2

[Event "27.Bayer.Senioren-EM2015"]
[Site "?"]
[Date "2015.06.15"]
[Round "4.6"]
[White "Straub, Peter"]
[Black "Daeubler, Heinrich"]
[Result "1/2-1/2"]
[WhiteElo "1965"]
[BlackElo "2058"]
[PlyCount "63"]
[EventDate "2015.??.??"]
[WhiteTeam "SK Mering"]
[BlackTeam "SC Haselmühl"]

1. d4 Nf6 2. c4 g6 3. Nf3 Bg7 4. Nc3 O-O 5. g3 d6 6. Bg2 Nc6 7. O-O a6 8. e4
Rb8 9. d5 Na5 10. Qe2 c5 11. Nd2 b5 12. Rb1 Nxc4 13. Nxc4 bxc4 14. Qxc4 Rb4 15.
Qe2 Qb6 16. Re1 Ng4 17. Nd1 a5 18. h3 Ne5 19. Bd2 Ba6 20. Qe3 Nc4 21. Qf4 Nxd2
22. Qxd2 Rb8 23. Bf1 Bxf1 24. Kxf1 a4 25. Qc2 Qb5+ 26. Kg2 Bxb2 27. Rxb2 Rxb2
28. Nxb2 Qxb2 29. Qxa4 Qd2 30. Re3 Kg7 31. Rb3 Rxb3 32. axb3 1/2-1/2

[Event "27.Bayer.Senioren-EM2015"]
[Site "?"]
[Date "2015.06.15"]
[Round "4.7"]
[White "Glueck, Josef"]
[Black "Fischer, Gerd"]
[Result "0-1"]
[WhiteElo "1891"]
[BlackElo "2011"]
[PlyCount "90"]
[EventDate "2015.??.??"]
[WhiteTeam "SG Traunstein/Traunreut"]
[BlackTeam "FC Gunzenhausen"]

1. Nf3 Nf6 2. c4 b6 3. g3 Bb7 4. Bg2 e6 5. O-O Be7 6. Nc3 O-O 7. d3 d6 8. e4
Nbd7 9. Ng5 h6 10. Nh3 c6 11. f4 b5 12. Be3 b4 13. Nb1 e5 14. Nd2 d5 15. d4
exd4 16. Bxd4 dxe4 17. Nxe4 Nxe4 18. Bxe4 Nf6 19. Bg2 Qc7 20. Qf3 Rfd8 21. Be3
Rd7 22. Rad1 Rad8 23. Rxd7 Rxd7 24. Rd1 Bc8 25. Nf2 Rxd1+ 26. Qxd1 c5 27. g4
Bd6 28. Qf3 Qe7 29. h4 Bxg4 30. Nxg4 Nxg4 31. Bf2 Nxf2 32. Qxf2 Qf6 33. h5 Qxf4
34. Qxf4 Bxf4 35. Bd5 Kf8 36. Be4 Ke7 37. Kg2 Kf6 38. Kf3 Be5 39. b3 Kg5 40.
Bd5 Kxh5 41. Bxf7+ Kg5 42. Be6 Bc7 43. Bc8 Kh4 44. Bf5 g5 45. Bc8 h5 0-1

[Event "27.Bayer.Senioren-EM2015"]
[Site "?"]
[Date "2015.06.15"]
[Round "4.8"]
[White "Wolf, Walter"]
[Black "Kochseder, Georg"]
[Result "1-0"]
[WhiteElo "2084"]
[BlackElo "1871"]
[PlyCount "69"]
[EventDate "2015.??.??"]
[WhiteTeam "Stuttgarter SF"]
[BlackTeam "TV Hallstadt"]

1. e4 c5 2. Nf3 d6 3. d4 cxd4 4. Nxd4 Nf6 5. f3 Nc6 6. c4 g6 7. Nc3 Bg7 8. Nc2
Bd7 9. Be3 Qc8 10. Qd2 b6 11. Be2 Ne5 12. Na3 Bc6 13. O-O O-O 14. Rac1 Qb7 15.
Nc2 Rac8 16. Nb4 Rcd8 17. Rfd1 Rfe8 18. Bd4 Ned7 19. Nc2 Rc8 20. b4 Qb8 21. a4
Ba8 22. Bf1 Nh5 23. Be3 Nhf6 24. Nb5 Bc6 25. Ncd4 Ba8 26. Ra1 Ne5 27. Rdc1 Nc6
28. a5 Nd7 29. axb6 axb6 30. Ra2 Nxd4 31. Nxd4 Ne5 32. Qf2 Bc6 33. Nxc6 Nxc6
34. b5 Ne5 35. Bxb6 1-0

[Event "27.Bayer.Senioren-EM2015"]
[Site "?"]
[Date "2015.06.15"]
[Round "4.9"]
[White "Leuschner, Guenter"]
[Black "Blodig, Reinhard"]
[Result "1/2-1/2"]
[WhiteElo "1757"]
[BlackElo "1999"]
[PlyCount "72"]
[EventDate "2015.??.??"]
[WhiteTeam "SW Nürnberg Süd"]
[BlackTeam "TV Riedenburg"]

1. d4 Nf6 2. c4 c5 3. Nf3 cxd4 4. Nxd4 e5 5. Nc2 d5 6. cxd5 Qxd5 7. Qxd5 Nxd5
8. Bd2 Nc6 9. e4 Nc7 10. Be2 Be6 11. O-O O-O-O 12. Be3 Be7 13. Nba3 b6 14. b3
Kb7 15. Rac1 Rd7 16. Rfd1 Rhd8 17. Rxd7 Rxd7 18. Nb1 b5 19. Kf1 a6 20. Rd1 Nb4
21. Rxd7 Bxd7 22. Nxb4 Bxb4 23. Bc1 Bc6 24. Bd3 Bc5 25. Bb2 f6 26. f3 Ne6 27.
Nd2 Be8 28. Ke1 Kb6 29. Kd1 Bg1 30. h3 Kc5 31. Bf1 Bd4 32. Ba3+ b4 33. Bc1 Bb5
34. Nc4 Nc7 35. a4 Bd7 36. Kc2 Ne6 1/2-1/2

[Event "27.Bayer.Senioren-EM2015"]
[Site "?"]
[Date "2015.06.15"]
[Round "4.10"]
[White "Niedermaier, Peter"]
[Black "Isopp, Manfred"]
[Result "1-0"]
[WhiteElo "1757"]
[BlackElo "1957"]
[PlyCount "41"]
[EventDate "2015.??.??"]
[WhiteTeam "SU Ebersberg-Grafing"]
[BlackTeam "SV Treffen"]

1. e4 d5 2. exd5 Nf6 3. c4 c6 4. Nf3 cxd5 5. Be2 d4 6. d3 Nc6 7. a3 a5 8. h3 e5
9. O-O h6 10. Re1 Be7 11. Bf1 O-O 12. Nxe5 Nxe5 13. Rxe5 Bd6 14. Re1 Bf5 15.
Nd2 Bh7 16. b3 Qc7 17. Nf3 Rfe8 18. Bb2 Rxe1 19. Qxe1 Re8 20. Qd2 Bh2+ 21. Nxh2
1-0

[Event "27.Bayer.Senioren-EM2015"]
[Site "?"]
[Date "2015.06.15"]
[Round "4.11"]
[White "Walther, Reinhard"]
[Black "Klueber, Werner"]
[Result "1-0"]
[WhiteElo "1942"]
[BlackElo "1740"]
[PlyCount "73"]
[EventDate "2015.??.??"]
[WhiteTeam "SK Herzogenaurach"]
[BlackTeam "SC Prichsenstadt"]

1. d4 d5 2. c4 e6 3. Nc3 Be7 4. Nf3 Nf6 5. Bf4 c6 6. e3 Nbd7 7. Be2 dxc4 8.
Bxc4 b5 9. Bd3 a6 10. Ne5 Bb7 11. O-O O-O 12. Ne4 Qb6 13. Nxd7 Nxd7 14. Rc1
Rac8 15. Nd6 Bxd6 16. Bxd6 Rfe8 17. b4 e5 18. dxe5 Nxe5 19. Bxh7+ Kxh7 20. Qh5+
Kg8 21. Bxe5 Re6 22. Rc5 Rce8 23. Rd1 Bc8 24. Rd4 Rh6 25. Qd1 Be6 26. Rd6 Rc8
27. Qd4 Rg6 28. f3 a5 29. a3 axb4 30. axb4 Qa6 31. Qc3 Qa2 32. Qb2 Qa6 33. h3
Kh7 34. Qc2 Qa3 35. Qd2 Rg5 36. Bb2 Rxg2+ 37. Kxg2 1-0

[Event "27.Bayer.Senioren-EM2015"]
[Site "?"]
[Date "2015.06.15"]
[Round "4.12"]
[White "Lehr, Thomas"]
[Black "Perzl, Michael"]
[Result "1/2-1/2"]
[WhiteElo "1895"]
[BlackElo "1713"]
[PlyCount "46"]
[EventDate "2015.??.??"]
[WhiteTeam "Husumer SV"]
[BlackTeam "TSV Trostberg"]

1. e4 e6 2. d4 d5 3. Nd2 dxe4 4. Nxe4 Nd7 5. Nf3 Be7 6. Be2 Ngf6 7. Nxf6+ Nxf6
8. O-O O-O 9. Ne5 c5 10. dxc5 Bxc5 11. Bf3 Qc7 12. Bf4 Bd6 13. Re1 Ne8 14. Qd2
f6 15. Nd3 e5 16. Bd5+ Kh8 17. Bg3 Bf5 18. a3 Rd8 19. c4 b6 20. Nb4 Bd7 21.
Rac1 a5 22. Na2 Bc5 23. Nc3 Nd6 1/2-1/2

[Event "27.Bayer.Senioren-EM2015"]
[Site "?"]
[Date "2015.06.15"]
[Round "4.14"]
[White "Gerhards, Walter"]
[Black "Hein, Manfred"]
[Result "1/2-1/2"]
[WhiteElo "1756"]
[BlackElo "1850"]
[PlyCount "83"]
[EventDate "2015.??.??"]
[WhiteTeam "Ratinger SK"]
[BlackTeam "FC Gunzenhausen"]

1. e4 Nf6 2. e5 Nd5 3. Nc3 Nxc3 4. dxc3 d6 5. Bf4 Nc6 6. Nf3 Bd7 7. exd6 exd6
8. Qd2 Qe7+ 9. Be2 f6 10. O-O-O O-O-O 11. Rhe1 Qf7 12. Kb1 g6 13. Bb5 Ne5 14.
Bxd7+ Qxd7 15. Qd4 c5 16. Qd5 g5 17. Nxe5 dxe5 18. Qf3 Bd6 19. Be3 Qe6 20. Qd5
Qxd5 21. Rxd5 b6 22. Red1 Kc7 23. c4 h5 24. Kc1 Rhg8 25. Kd2 Kd7 26. Ke2 Ke6
27. a3 Be7 28. Rxd8 Rxd8 29. Rxd8 Bxd8 30. b4 Be7 31. b5 f5 32. f3 f4 33. Bd2
Kf5 34. Kd3 g4 35. a4 Bh4 36. a5 Bd8 37. axb6 axb6 38. Be1 Bf6 39. Bf2 Be7 40.
Be1 Bf6 41. Bf2 Be7 42. Be1 1/2-1/2

[Event "27.Bayer.Senioren-EM2015"]
[Site "?"]
[Date "2015.06.15"]
[Round "4.15"]
[White "Knollmueller, Peter"]
[Black "Breuer, Herbert"]
[Result "1-0"]
[WhiteElo "1838"]
[BlackElo "1594"]
[PlyCount "101"]
[EventDate "2015.??.??"]
[WhiteTeam "SK Töging"]
[BlackTeam "SK Bad Aibling"]

1. d4 Nf6 2. Nf3 g6 3. c4 d6 4. Nc3 Bg7 5. e3 Na6 6. Bd3 c5 7. O-O O-O 8. h3 b6
9. d5 Nc7 10. e4 a6 11. a4 Bd7 12. Bf4 h6 13. e5 dxe5 14. Bxe5 Nce8 15. Qe2 Qc8
16. Kh2 Nd6 17. Ne4 Re8 18. Qc2 Nf5 19. g4 Nd4 20. Bxd4 cxd4 21. Kg2 Bxg4 22.
hxg4 Qxg4+ 23. Ng3 Nh5 24. Nh2 Nf4+ 25. Kh1 Qh4 26. Rae1 Rad8 27. Re4 Rd6 28.
Ne2 Rf6 29. Nxf4 Rxf4 30. Rxf4 Qxf4 31. Rg1 Be5 32. f3 g5 33. Rg4 Qe3 34. Re4
Bf4 35. Rxe3 dxe3 36. Be2 Rd8 37. Qe4 Kf8 38. Ng4 Rd6 39. Nxe3 e6 40. Ng2 Bg3
41. Qg4 Bf2 42. Qe4 Bg3 43. Ne3 f5 44. Qd3 f4 45. Nf1 Bh4 46. Nd2 exd5 47. cxd5
h5 48. Qf5+ Ke7 49. Ne4 Rh6 50. Bxa6 Be1 51. d6+ 1-0

[Event "27.Bayer.Senioren-EM2015"]
[Site "?"]
[Date "2015.06.15"]
[Round "4.16"]
[White "Willin, Bernhard"]
[Black "Pidtoptanyy, Igor"]
[Result "1/2-1/2"]
[WhiteElo "1691"]
[BlackElo "1823"]
[PlyCount "59"]
[EventDate "2015.??.??"]
[WhiteTeam "SC Horben"]
[BlackTeam "SW Nürnberg Süd"]

1. d4 Nf6 2. c4 e5 3. e3 exd4 4. exd4 Bb4+ 5. Bd2 Qe7+ 6. Be2 O-O 7. a3 Bxd2+
8. Qxd2 d5 9. Nf3 Re8 10. Nc3 Be6 11. O-O Nc6 12. Rfe1 Qd7 13. c5 Ne4 14. Qc2
Bg4 15. Rad1 Nxc3 16. Qxc3 f6 17. Bb5 Qf5 18. Rxe8+ Rxe8 19. Re1 Rxe1+ 20. Qxe1
Kf7 21. Nd2 Qc2 22. Bxc6 bxc6 23. h3 Bd7 24. b4 Qb2 25. Qe3 g5 26. Nf3 Qb1+ 27.
Kh2 h5 28. Ng1 Qb2 29. Ne2 Bf5 30. Ng1 1/2-1/2

[Event "27.Bayer.Senioren-EM2015"]
[Site "?"]
[Date "2015.06.15"]
[Round "4.17"]
[White "Kammel, Rudolf"]
[Black "Bilyavskyy, Borys"]
[Result "1/2-1/2"]
[WhiteElo "1582"]
[BlackElo "1807"]
[PlyCount "37"]
[EventDate "2015.??.??"]
[WhiteTeam "SC Bavaria Regensb."]
[BlackTeam "FC Ergolding"]

1. e4 c5 2. c3 d6 3. d4 Nf6 4. d5 g6 5. Nf3 Nbd7 6. Bd3 Bg7 7. h3 O-O 8. O-O c4
9. Bxc4 Nxe4 10. Nbd2 Nxd2 11. Bxd2 Nf6 12. Be3 Bd7 13. Qe2 a6 14. Rfd1 Rc8 15.
Rac1 Qc7 16. Bb3 Rfe8 17. Nd4 Ne4 18. Qf3 Nf6 19. Rd2 1/2-1/2

[Event "27.Bayer.Senioren-EM2015"]
[Site "?"]
[Date "2015.06.15"]
[Round "4.18"]
[White "Schiessl, Hanns"]
[Black "Zschorsch, Peter"]
[Result "0-1"]
[WhiteElo "1423"]
[BlackElo "1772"]
[PlyCount "78"]
[EventDate "2015.??.??"]
[WhiteTeam "FVS ASP Hoyerswerda"]
[BlackTeam "Karlsruher SF"]

1. e4 e6 2. d4 d5 3. e5 c5 4. c3 Nc6 5. Nf3 Qb6 6. a3 c4 7. Be2 Nge7 8. O-O Ng6
9. Nbd2 Na5 10. Rb1 Nf4 11. Re1 Nxe2+ 12. Rxe2 Bd7 13. Qc2 Be7 14. Ra1 Bb5 15.
a4 Nb3 16. Ra2 Qa6 17. Qb1 Bxa4 18. Re3 Qb5 19. Nxb3 Qxb3 20. h3 Bc6 21. Re1
Qb6 22. Nd2 Qc7 23. b3 b5 24. b4 O-O 25. Nf3 a5 26. Bg5 axb4 27. Bxe7 Qxe7 28.
Rxa8 Rxa8 29. Qxb4 Qxb4 30. cxb4 Ra4 31. Rb1 c3 32. Ne1 Ra2 33. Rc1 Ra3 34. Kf1
f6 35. f4 fxe5 36. fxe5 Be8 37. Nd3 Kf8 38. Nc5 Ke7 39. g4 Bg6 0-1

[Event "27.Bayer.Senioren-EM2015"]
[Site "?"]
[Date "2015.06.15"]
[Round "4.19"]
[White "Strecker, Gerhard"]
[Black "Baumgartner, Andreas"]
[Result "1-0"]
[WhiteElo "1930"]
[BlackElo "1677"]
[PlyCount "43"]
[EventDate "2015.??.??"]
[WhiteTeam "SC Starnberg"]
[BlackTeam "ASV J'Adoube Grassau"]

1. e4 c6 2. d4 d5 3. e5 Bf5 4. Nf3 e6 5. Be2 c5 6. Be3 cxd4 7. Nxd4 Bg6 8. O-O
Nd7 9. c4 Nxe5 10. cxd5 Qxd5 11. Qa4+ Nc6 12. Bb5 Rc8 13. Rd1 a6 14. Bxc6+ bxc6
15. Qxa6 Qd7 16. Nc3 Ne7 17. Rac1 Nd5 18. Nxd5 exd5 19. Nxc6 f6 20. Rxd5 Qe6
21. Qb5 Be4 22. Ne5+ 1-0

[Event "27.Bayer.Senioren-EM2015"]
[Site "?"]
[Date "2015.06.15"]
[Round "4.20"]
[White "Walch, Roger"]
[Black "Neubauer, Jaroslaus"]
[Result "0-1"]
[WhiteElo "1666"]
[BlackElo "1858"]
[PlyCount "74"]
[EventDate "2015.??.??"]
[WhiteTeam "SW Nürnberg Süd"]
[BlackTeam "SK Schweinfurt"]

1. e4 e5 2. Bc4 Nf6 3. d4 Nc6 4. d5 Nb8 5. Bd3 Bc5 6. Nf3 d6 7. h3 Nbd7 8. O-O
Nf8 9. a3 a6 10. b4 Ba7 11. Kh2 Ng6 12. g3 h6 13. c4 Nh7 14. Ng1 O-O 15. Ra2
Bd7 16. Rd2 f5 17. exf5 Bxf5 18. Bxf5 Rxf5 19. Qc2 Rf6 20. Nc3 Ne7 21. Ne4 Rf7
22. f4 exf4 23. gxf4 Nf5 24. Rd3 Qe7 25. Re1 Re8 26. Nf3 Qf8 27. c5 Rfe7 28.
Rd2 Ne3 29. Rxe3 Qxf4+ 30. Kg2 Qxe3 31. Re2 Qxe2+ 32. Qxe2 Rxe4 33. Qd3 Nf6 34.
Qc3 dxc5 35. Bxh6 c4 36. Ng5 Re2+ 37. Kh1 Re1+ 0-1

[Event "27.Bayer.Senioren-EM2015"]
[Site "?"]
[Date "2015.06.15"]
[Round "4.21"]
[White "Mahrla, Hans"]
[Black "Korth, Manfred"]
[Result "0-1"]
[WhiteElo "1647"]
[BlackElo "1833"]
[PlyCount "82"]
[EventDate "2015.??.??"]
[WhiteTeam "SC Eichenau"]
[BlackTeam "SC Heideck-Hilpoltstein"]

1. e4 d6 2. d4 Nf6 3. Bd3 e5 4. c3 Be7 5. f4 exd4 6. cxd4 O-O 7. Nf3 c5 8. e5
Nd5 9. Nc3 Nc7 10. d5 g6 11. O-O dxe5 12. fxe5 Nxd5 13. Ne4 Nc6 14. a3 Qc7 15.
Bh6 Rd8 16. Qe2 Nxe5 17. Nxe5 Qxe5 18. Qf3 f5 19. Nc3 Qd4+ 20. Qf2 Nxc3 21.
bxc3 Qxf2+ 22. Rxf2 Rxd3 23. Re2 Rd7 24. Rae1 Kf7 25. g4 b6 26. gxf5 gxf5 27.
Re5 Bf6 28. Rxf5 Kg6 29. Ref1 Bxc3 30. Bf8 Bb7 31. h4 h6 32. Kh2 Re8 33. h5+
Kh7 34. Rf7+ Rxf7 35. Rxf7+ Kg8 36. Rxb7 Rxf8 37. Rxa7 Rf5 38. Rb7 Rxh5+ 39.
Kg3 Ba5 40. Kg4 Rd5 41. a4 c4 0-1

[Event "27.Bayer.Senioren-EM2015"]
[Site "?"]
[Date "2015.06.15"]
[Round "4.23"]
[White "Duerr, Rainer"]
[Black "Boldt, Heinrich"]
[Result "1-0"]
[WhiteElo "1816"]
[BlackElo "1682"]
[PlyCount "41"]
[EventDate "2015.??.??"]
[WhiteTeam "SC Prien"]
[BlackTeam "TSV Kareth-Lappersdorf"]

1. d4 d5 2. Nf3 Nf6 3. e3 Bf5 4. c4 c6 5. Nc3 dxc4 6. Bxc4 e6 7. Nh4 Bg6 8.
Nxg6 hxg6 9. Bd2 Nbd7 10. Be2 Bd6 11. g3 e5 12. dxe5 Bxe5 13. Qc2 Nb6 14. O-O-O
Qe7 15. Be1 a5 16. e4 Bc7 17. f3 Rd8 18. Bf2 Rxd1+ 19. Nxd1 Qb4 20. Bc5 Qa4 21.
b3 1-0

[Event "27.Bayer.Senioren-EM2015"]
[Site "?"]
[Date "2015.06.15"]
[Round "4.24"]
[White "Reimann, Guenther"]
[Black "Schoenfelder, Heinrich"]
[Result "1/2-1/2"]
[WhiteElo "1803"]
[BlackElo "1643"]
[PlyCount "53"]
[EventDate "2015.??.??"]
[WhiteTeam "SC Magstadt"]
[BlackTeam "SC Tarrasch München"]

1. c4 Nf6 2. Nf3 b6 3. g3 Bb7 4. Bg2 e6 5. d3 Bb4+ 6. Bd2 Bxd2+ 7. Nbxd2 d6 8.
O-O O-O 9. b4 Nbd7 10. Re1 c5 11. b5 Qc7 12. a4 a5 13. Rc1 e5 14. Qc2 h6 15. e4
Rfe8 16. Nf1 Nf8 17. Ne3 Ne6 18. Nd5 Nxd5 19. exd5 Nd4 20. Nxd4 exd4 21. Qd2
Qd7 22. Re4 Rxe4 23. dxe4 Re8 24. f3 Bc8 25. h4 Qe7 26. Re1 Qf6 27. Qf4 1/2-1/2

[Event "27.Bayer.Senioren-EM2015"]
[Site "?"]
[Date "2015.06.15"]
[Round "4.25"]
[White "Malik, Heinz"]
[Black "Abel, Hans-Peter"]
[Result "1/2-1/2"]
[WhiteElo "1609"]
[BlackElo "1795"]
[PlyCount "76"]
[EventDate "2015.??.??"]
[WhiteTeam "SK Großweil"]
[BlackTeam "SC Leinfelden"]

1. d4 d5 2. c4 c6 3. Nc3 Nf6 4. Nf3 Bf5 5. Nh4 Bg4 6. h3 Bh5 7. Bf4 e6 8. g4
Bg6 9. Nxg6 hxg6 10. e3 Bd6 11. Bxd6 Qxd6 12. Qb3 Qe7 13. Bg2 dxc4 14. Qxc4
Nbd7 15. O-O-O O-O 16. Rhe1 Nb6 17. Qe2 Nfd5 18. Nxd5 cxd5 19. Kb1 Rfc8 20. Rc1
Qb4 21. Rxc8+ Rxc8 22. a3 Qb3 23. Qd1 Qb5 24. Bf1 Qa5 25. Re2 Nc4 26. Rc2 b5
27. Bxc4 Rxc4 28. Rxc4 dxc4 29. e4 Qb6 30. f3 Qd6 31. d5 Kf8 32. Qd4 exd5 33.
exd5 a6 34. f4 f6 35. Kc2 f5 36. Kd2 Kf7 37. g5 Kf8 38. Ke2 Kf7 1/2-1/2

[Event "27.Bayer.Senioren-EM2015"]
[Site "?"]
[Date "2015.06.15"]
[Round "4.26"]
[White "Wittkugel, Friedhelm"]
[Black "Schuster, Herbert"]
[Result "1-0"]
[WhiteElo "1768"]
[BlackElo "1624"]
[PlyCount "113"]
[EventDate "2015.??.??"]
[WhiteTeam "SV Kamen"]
[BlackTeam "SK Landshut"]

1. d4 d5 2. Nc3 c6 3. e4 dxe4 4. Nxe4 Nf6 5. Ng3 g6 6. c3 Bg7 7. Nf3 Bg4 8. Be2
O-O 9. Ne5 Bxe2 10. Qxe2 Nbd7 11. f4 e6 12. O-O Nd5 13. c4 N5f6 14. Be3 a6 15.
Rad1 Qc7 16. Kh1 Rac8 17. Bg1 h5 18. h3 h4 19. Ne4 Nxe4 20. Qxe4 Nf6 21. Qe1
Qd8 22. Qxh4 Ne4 23. Qe1 Nd6 24. b3 Bf6 25. Bf2 Kg7 26. g3 Rh8 27. Kg2 Nf5 28.
Rh1 Rh7 29. Qe4 Qe7 30. Rde1 Rd8 31. Re2 Qd6 32. Rd2 Rhh8 33. Rhd1 Qb4 34. Re2
Qd6 35. g4 Ne7 36. Nf3 Kg8 37. Bg3 Bg7 38. f5 Qd7 39. fxe6 Qxe6 40. Qxe6 fxe6
41. Rxe6 Rd7 42. Rde1 Bf8 43. Be5 Rh7 44. Ng5 Rf7 45. Nxf7 Kxf7 46. Rf6+ Kg8
47. Ref1 Bg7 48. Rf7 Bxe5 49. dxe5 Rd2+ 50. R1f2 Rxf2+ 51. Rxf2 c5 52. e6 b5
53. Rf7 Nc6 54. cxb5 axb5 55. Rc7 Nd4 56. Rxc5 Nxe6 57. Rxb5 1-0

[Event "27.Bayer.Senioren-EM2015"]
[Site "?"]
[Date "2015.06.15"]
[Round "4.27"]
[White "Lueders, Guenter"]
[Black "Koenigl, Anton"]
[Result "0-1"]
[WhiteElo "1603"]
[BlackElo "1767"]
[PlyCount "116"]
[EventDate "2015.??.??"]
[WhiteTeam "TSV Benshausen"]
[BlackTeam "FC Ergolding"]

1. d4 Nf6 2. Nf3 d5 3. Bf4 e6 4. Nbd2 c5 5. c3 Nc6 6. e3 Bd6 7. Bxd6 Qxd6 8.
Rc1 O-O 9. Bd3 b6 10. O-O Bb7 11. h3 Rfe8 12. Re1 e5 13. dxe5 Nxe5 14. Be2 Ng6
15. Qb3 Re7 16. Rcd1 Qc7 17. Nf1 Rd8 18. N1d2 Bc6 19. Qc2 Rde8 20. Bf1 Qb7 21.
Be2 d4 22. Nc4 dxe3 23. Nxe3 Nf4 24. Qf5 Nxe2+ 25. Rxe2 Be4 26. Qf4 Nh5 27. Qg4
Bxf3 28. Qxf3 Qxf3 29. gxf3 Nf4 30. Red2 Nxh3+ 31. Kf1 Nf4 32. Nd5 Nxd5 33.
Rxd5 g6 34. R5d2 Kg7 35. a3 h5 36. Kg2 Re2 37. Kg3 Re1 38. Rxe1 Rxe1 39. Kg2 c4
40. Kh2 b5 41. Kg2 a6 42. Kh2 Kf6 43. Kg2 Ke6 44. Kh2 Re5 45. Kg2 Rd5 46. Re2+
Kd7 47. Kh2 Rd3 48. Kg2 f6 49. Rc2 Ke6 50. Re2+ Kf5 51. Kg3 g5 52. Kg2 h4 53.
Rc2 Kf4 54. Re2 h3+ 55. Kxh3 Kxf3 56. Rc2 Rd7 57. Kh2 Rd1 58. Kh3 Rh1# 0-1

[Event "27.Bayer.Senioren-EM2015"]
[Site "?"]
[Date "2015.06.15"]
[Round "4.28"]
[White "Reichwald, Klaus"]
[Black "Riegler, Markus"]
[Result "0-1"]
[WhiteElo "1743"]
[BlackElo "1609"]
[PlyCount "92"]
[EventDate "2015.??.??"]
[WhiteTeam "SC Lohhof"]
[BlackTeam "SK Mannheim-Lindenhof"]

1. e4 d5 2. exd5 Qxd5 3. Nc3 Qa5 4. Nf3 Nf6 5. Bc4 Bg4 6. O-O e6 7. d3 c6 8.
Bd2 Qc7 9. Ne4 Be7 10. h3 Bh5 11. Ng3 Bg6 12. Qe2 Nd5 13. Rae1 Nd7 14. Ne4 h6
15. Bb3 O-O-O 16. c4 N5f6 17. Bc2 Nxe4 18. dxe4 f6 19. b4 e5 20. a4 Bf7 21. Bd3
g5 22. Rb1 h5 23. Be3 Kb8 24. a5 g4 25. Nh2 gxh3 26. g3 Be6 27. b5 Nc5 28. Bxc5
Bxc5 29. bxc6 Qxc6 30. Rb5 Rh7 31. Rfb1 Ka8 32. Qc2 Bc8 33. Bf1 Rg7 34. Kh1 h4
35. g4 f5 36. f3 fxg4 37. Nxg4 Bxg4 38. fxg4 Rf8 39. Bxh3 Rf4 40. Qd3 Rd7 41.
Qc2 Rf2 42. Qb3 Qxe4+ 43. Kg1 Rb2+ 44. Rxc5 Qxb1+ 45. Bf1 Rd8 46. Qe3 Qc2 0-1

[Event "27.Bayer.Senioren-EM2015"]
[Site "?"]
[Date "2015.06.15"]
[Round "4.29"]
[White "Braeu, Ludwig"]
[Black "Flockerzi, Armin"]
[Result "1-0"]
[WhiteElo "1733"]
[BlackElo "1605"]
[PlyCount "77"]
[EventDate "2015.??.??"]
[WhiteTeam "SK Marktoberdorf"]
[BlackTeam "VfR-SC Koblenz"]

1. c4 e5 2. g3 c6 3. d4 exd4 4. Qxd4 Qf6 5. Qe4+ Qe6 6. Qc2 Bb4+ 7. Bd2 Bxd2+
8. Nxd2 Nf6 9. Bh3 Qe7 10. Ngf3 O-O 11. O-O Na6 12. Nd4 d6 13. Bg2 Nc7 14. e4
Rb8 15. Rac1 Qe5 16. N2b3 Qh5 17. Qe2 Bg4 18. f3 Bd7 19. Qd2 c5 20. Ne2 Qe5 21.
Rfd1 Nfe8 22. f4 Qh5 23. f5 b6 24. Rc3 f6 25. Nf4 Qf7 26. Nc1 g5 27. fxg6 hxg6
28. Rf1 Kg7 29. Nd5 Nxd5 30. exd5 Nc7 31. Qf4 Ne8 32. h4 Rh8 33. Bf3 b5 34. Re1
Rb7 35. Rce3 Kf8 36. Bg4 f5 37. Qg5 Qf6 38. Rxe8+ Kf7 39. Qxf6+ 1-0